000 00257nam a2200097Ia 4500
082 _aAB EF MOOR
245 0 _aStarting over
100 _a Moorcroft, Sue Rearsby [England], (-2009)
_975863
942 _cBK
008 210817s9999 xx 000 0 und d
999 _c251370
_d251370